[Event "Trieste Excelsior Palace op 1st"]
[Site "Trieste"]
[Date "2017.01.06"]
[Round "7"]
[White "Vivoda, Sergio"]
[Black "Pandini, Giuseppe"]
[Result "1/2-1/2"]
[WhiteElo "1697"]
[BlackElo "1696"]
[PlyCount "68"]
[EventDate "2017.01.02"]
[EventType "swiss"]
[EventRounds "7"]
[EventCountry "ITA"]
[SourceTitle "CBM 176 Extra"]
[Source "ChessBase"]
[SourceDate "2017.03.02"]
[SourceVersion "1"]
[SourceVersionDate "2017.03.02"]
[SourceQuality "1"]

1. Nf3 b6 2. e4 e6 3. d4 Bb7 4. Bd3 h6 5. 0-0 d6 6. c4 g6 7. Nc3 Bg7 8. Qc2 Ne7 9. Be3 Nd7 10. a4 a6 11. b4 0-0 12. Qd2 Kh7 13. Rad1 f5 14. Ne1 fxe4 15. Bxe4 Bxe4 16. Nxe4 Nf5 17. Nc2 Nxe3 18. fxe3 Nf6 19. Nxf6+ Rxf6 20. Rxf6 Qxf6 21. Rf1 Qe7 22. Qd3 a5 23. b5 Rf8 24. Rxf8 Qxf8 25. Qe4 Qf5 26. Qxf5 gxf5 27. Kf2 Kg6 28. Kf3 Kg5 29. g3 h5 30. h4+ Kg6 31. e4 Bh6 32. Ne1 Bg7 33. Ke3 Bh6+ 34. Kf3 Bg7 1/2-1/2

[Event "Milan Crespi op-C 33rd"]
[Site "Milan"]
[Date "2012.12.07"]
[Round "3"]
[White "Ricciardi, Arcangelo"]
[Black "Pandini, Giuseppe"]
[Result "1-0"]
[WhiteElo "1691"]
[BlackElo "1762"]
[PlyCount "101"]
[EventDate "2012.12.05"]
[EventType "swiss"]
[EventRounds "7"]
[EventCountry "ITA"]
[SourceTitle "EXT 2024"]
[Source "ChessBase"]
[SourceDate "2023.10.10"]
[SourceVersion "1"]
[SourceVersionDate "2023.10.10"]
[SourceQuality "1"]

1. e4 b6 2. Nf3 Bb7 3. Nc3 e6 4. d4 Bb4 5. Bd3 Nf6 6. Bg5 h6 7. Bh4 g5 8. Bg3 Nxe4 9. Bxe4 Bxe4 10. 0-0 Bxc3 11. bxc3 Nc6 12. Ne5 Nxe5 13. Bxe5 Rh7 14. Qe2 Bb7 15. Qd3 f5 16. f3 d6 17. Bg3 Qd7 18. a4 a5 19. Rfe1 0-0-0 20. c4 Ba6 21. Qb3 f4 22. Bf2 Re7 23. c5 dxc5 24. dxc5 bxc5 25. Bxc5 Ree8 26. Rab1 Qf7 27. Qb8+ Kd7 28. Rbd1+ Kc6 29. Rxd8 Rxd8 30. Qxd8 Kxc5 31. Re5+ Kc6 32. Qa8+ Bb7 33. Qxa5 Kd7 34. Rc5 Kc8 35. Qa7 Qd7 36. Qa5 Qd1+ 37. Kf2 Qd4+ 38. Ke2 Qd6 39. Qa7 e5 40. c3 e4 41. Qa5 Qd3+ 42. Ke1 Qb1+ 43. Ke2 Qc2+ 44. Ke1 Qc1+ 45. Ke2 Qe3+ 46. Kd1 Qg1+ 47. Kc2 c6 48. Rf5 c5 49. Rf8+ Kd7 50. Qd8+ Kc6 51. Rf6# 1-0

[Event "Milan Crespi op-C 33rd"]
[Site "Milan"]
[Date "2012.12.06"]
[Round "2"]
[White "Pandini, Giuseppe"]
[Black "Vece, Luigi"]
[Result "1-0"]
[WhiteElo "1762"]
[BlackElo "1674"]
[PlyCount "85"]
[EventDate "2012.12.05"]
[EventType "swiss"]
[EventRounds "7"]
[EventCountry "ITA"]
[SourceTitle "EXT 2024"]
[Source "ChessBase"]
[SourceDate "2023.10.10"]
[SourceVersion "1"]
[SourceVersionDate "2023.10.10"]
[SourceQuality "1"]

1. f4 d5 2. Nf3 c5 3. e3 Nf6 4. b3 Nc6 5. Bb2 Bf5 6. Bb5 e6 7. Ne5 Rc8 8. 0-0 a6 9. Nxc6 Rxc6 10. Bxc6+ bxc6 11. Nc3 Be7 12. Ne2 0-0 13. Ng3 d4 14. Nxf5 exf5 15. Qf3 Qd7 16. Rad1 Re8 17. Rfe1 Bd8 18. Qf1 Qa7 19. Qd3 Re4 20. g3 Bb6 21. Kg2 h6 22. c3 dxc3 23. dxc3 Qd7 24. c4 Qe7 25. h3 Ba5 26. Bc3 Bxc3 27. Qxc3 g5 28. fxg5 hxg5 29. Qd2 Qe5 30. Qf2 Nh5 31. Rd3 f4 32. exf4 gxf4 33. Rxe4 Qxe4+ 34. Qf3 Qe5 35. g4 Ng3 36. Rd2 Ne4 37. Re2 f5 38. gxf5 Qg7+ 39. Qg4 Ng5 40. h4 f3+ 41. Kf2 Nh3+ 42. Kxf3 Ng1+ 43. Qxg1 1-0

[Event "Milan Crespi op-B 32nd"]
[Site "Milan"]
[Date "2011.12.08"]
[Round "2"]
[White "Pandini, Giuseppe"]
[Black "Olivo, Mario"]
[Result "0-1"]
[WhiteElo "1785"]
[BlackElo "1860"]
[PlyCount "85"]
[EventDate "2011.12.07"]
[EventType "swiss"]
[EventRounds "7"]
[EventCountry "ITA"]
[SourceTitle "EXT 2022"]
[Source "ChessBase"]
[SourceDate "2021.10.06"]
[SourceVersion "1"]
[SourceVersionDate "2021.10.06"]
[SourceQuality "1"]

1. f4 Nf6 2. Nf3 d6 3. e3 c5 4. b3 Nc6 5. Bb2 e6 6. Be2 Be7 7. 0-0 0-0 8. Qe1 d5 9. c3 Qc7 10. Na3 a6 11. Nc2 e5 12. fxe5 Nxe5 13. Nxe5 Qxe5 14. Bf3 Bd6 15. g3 Bh3 16. Rf2 Rae8 17. Qe2 Qg5 18. Ne1 h5 19. Ng2 Re7 20. c4 d4 21. e4 Ng4 22. Bxg4 Bxg4 23. Qe1 Rfe8 24. d3 f5 25. Bc1 Qf6 26. Qf1 g6 27. Bd2 Qg7 28. exf5 Bxf5 29. Nh4 Bg4 30. Rf6 Re6 31. Rxe6 Rxe6 32. Re1 Rxe1 33. Qxe1 Qf7 34. Qe4 Kg7 35. a3 Bh3 36. Qe1 Be7 37. Ng2 Bf5 38. Qe2 g5 39. Ne1 Bf6 40. Nf3 Qg6 41. Ne1 g4 42. h4 b6 43. Bf4 0-1

[Event "Modena Province-ch"]
[Site "Ceriano Laghetto"]
[Date "2010.02.??"]
[Round "4"]
[White "Pandini, Giuseppe"]
[Black "Monticelli, Francesco"]
[Result "1-0"]
[WhiteElo "1702"]
[BlackElo "1536"]
[PlyCount "70"]
[EventDate "2010.02.02"]
[EventType "swiss"]
[EventRounds "6"]
[EventCountry "ITA"]
[SourceTitle "EXT 2024"]
[Source "ChessBase"]
[SourceDate "2023.10.10"]
[SourceVersion "1"]
[SourceVersionDate "2023.10.10"]
[SourceQuality "1"]

1. f4 d5 2. Nf3 Nf6 3. e3 Bf5 4. Be2 e6 5. b3 Be7 6. Bb2 0-0 7. 0-0 h6 8. Nc3 Nbd7 9. Rc1 a6 10. Ne5 Nxe5 11. fxe5 Ne4 12. Nxe4 Bxe4 13. Bf3 Bg6 14. Qe2 c5 15. d4 Rc8 16. c4 dxc4 17. bxc4 b6 18. d5 Bg5 19. d6 Qd7 20. Rcd1 f6 21. g3 fxe5 22. Bxe5 Bf6 23. Qb2 b5 24. Be2 b4 25. Bxf6 gxf6 26. Rxf6 Rxf6 27. Qxf6 Qf7 28. d7 Qxf6 29. dxc8Q+ Kg7 30. Qxc5 Qc3 31. Qd4+ Qxd4 32. Rxd4 Bb1 33. Rd2 Kf6 34. c5 Be4 35. Bxa6 Bc6 1-0

[Event "Robecchetto op-B 20th"]
[Site "Robecchetto"]
[Date "2009.12.30"]
[Round "6"]
[White "Marchesotti, Giovanni"]
[Black "Pandini, Giuseppe"]
[Result "1/2-1/2"]
[WhiteElo "1617"]
[BlackElo "1702"]
[PlyCount "79"]
[EventDate "2009.12.27"]
[EventType "swiss"]
[EventRounds "6"]
[EventCountry "ITA"]
[SourceTitle "EXT 2023"]
[Source "ChessBase"]
[SourceDate "2022.10.05"]
[SourceVersion "1"]
[SourceVersionDate "2022.10.05"]
[SourceQuality "1"]

1. Nf3 b6 2. c4 e6 3. Nc3 Bb7 4. e3 Nf6 5. Be2 Be7 6. 0-0 0-0 7. b3 d6 8. Bb2 Nbd7 9. d4 Ne8 10. Nd2 f5 11. f4 Rf6 12. Bf3 Bxf3 13. Nxf3 Rg6 14. e4 fxe4 15. Nxe4 Nef6 16. Nfg5 Nxe4 17. Nxe4 Qf8 18. Qe2 Re8 19. Rf3 d5 20. Nf2 Bd6 21. Rf1 Nf6 22. Nd3 Ne4 23. Qc2 Rf6 24. Ne5 Qe7 25. Nc6 Qd7 26. Ne5 Qc8 27. Bc1 Ref8 28. Ng4 Rf5 29. Ne3 Rxf4 30. Rxf4 Rxf4 31. Rxf4 Bxf4 32. Nxd5 Bxh2+ 33. Kxh2 exd5 34. cxd5 Nd6 35. Bf4 Qd8 36. Kg1 Nb5 37. Qc4 Nd6 38. Bxd6 cxd6 39. Qc6 a5 40. a4 1/2-1/2

[Event "ITA-chT UISP 23rd"]
[Site "Rimini"]
[Date "2002.12.??"]
[Round "5"]
[White "Pandini, Giuseppe"]
[Black "Maioli, Alessandro"]
[Result "1/2-1/2"]
[WhiteElo "1612"]
[BlackElo "1534"]
[PlyCount "44"]
[EventDate "2002.12.??"]
[EventType "team"]
[EventRounds "6"]
[EventCountry "ITA"]
[SourceTitle "EXT 2024"]
[Source "ChessBase"]
[SourceDate "2023.10.10"]
[SourceVersion "1"]
[SourceVersionDate "2023.10.10"]
[SourceQuality "1"]

1. f4 d5 2. Nf3 c5 3. b3 Nf6 4. Bb2 Nc6 5. e3 Bf5 6. Bb5 a6 7. Bxc6+ bxc6 8. Ne5 Qc8 9. 0-0 Ng4 10. Nxg4 Bxg4 11. Qe1 f6 12. Nc3 e6 13. Ne2 Bf5 14. d3 Be7 15. Ng3 Bg6 16. e4 Bf7 17. Qf2 Qb7 18. Rab1 Rb8 19. Ba3 Qb6 20. c4 d4 21. Qd2 a5 22. f5 e5 1/2-1/2